000
00329nam a22001337a 4500
008
181011b xxu||||| |||| 00| 0 eng d
020
_a
0721672418
041
_a
eng
080
_a
591
100
_a
7
101
_a
ZOO
245
_a
An Atlas of Surgical Approaches to the Bones of the Dog and Cat
_c
Piermattei
942
_2
udc
_c
BK
999
_c
49448
_d
49448